00624nam a22001817a 450000500170000001000150001702000260003203500140005803700130007208200100008524501270009526000400022227001080026230000210037070000210039170000130041270000170042520220622121344.0 aENG-133310 a9789389146967c250.00 aEN-116842 bDBAD/PUB a954.1 aNational Seminar On new India @ 75:bSouth East Asian Education Trust/cEdited by T.N. Muthegowda, S. Raji and M. Hemavati aMaduraibShanlax Publicationsc2019 bMaduraia61, 66 T.P.K. Main Road, Vasantha Nagarmpublisher@shanlaxpublications.comk7639303383e625003 a182p.c24cm(pbk) aMuthegowda, T.N. aRaji, S. aHemavati, M.